Alessia Cara Charting Songs (Billboard Hot 100) - Statistics

General Stats
  • This quiz has been taken 73 times
  • The average score is 6 of 8
Answer Stats
Album Weeks On Peak Artist(s) Song % Correct
Everything, Everything 31 Weeks #7 Zedd & Alessia Cara Stay
95%
Know-It-All 34 Weeks #5 Alessia Cara Here
87%
Know-It-All 43 Weeks #8 Alessia Cara Scars To Your Beautiful
85%
Moana 19 Weeks #56 Alessia Cara How Far I'll Go
75%
The Pains of Growing 8 Weeks #65 Alessia Cara Growing Pains
64%
Know-It-All 20 Weeks #50 Alessia Cara Wild Things
60%
Everybody 42 Weeks #3 Logic ft. Alessia Cara & Khalid 1-800-273-8255
58%
Narrated For You 9 Weeks #79 Alec Benjamin & Alessia Cara Let Me Down Slowly
40%
No matching quizzes found
Score Distribution
Percent of People with Each Score
Percentile by Number Answered
Your Score History
You have not taken this quiz